[Event "Montigny le Bretonneux op 20th"]
[Site "Montigny le Bretonneux"]
[Date "2022.10.26"]
[Round "5"]
[White "Gouanelle, Franck"]
[Black "Divies, Renaud"]
[Result "1-0"]
[WhiteElo "2065"]
[BlackElo "1930"]
[PlyCount "123"]
[EventDate "2022.10.22"]
[EventType "swiss"]
[EventRounds "9"]
[EventCountry "FRA"]
[SourceTitle "EXT 2024"]
[Source "ChessBase"]
[SourceDate "2023.10.10"]
[SourceVersion "1"]
[SourceVersionDate "2023.10.10"]
[SourceQuality "1"]

1. d4 c5 2. d5 g6 3. Nc3 Bg7 4. e4 d6 5. Bb5+ Nd7 6. a4 Ngf6 7. Nf3 a6 8. Bc4 Ng4 9. Be2 0-0 10. 0-0 b6 11. h3 Nh6 12. Be3 f6 13. Qc1 Nf7 14. Nh2 g5 15. Bg4 Nde5 16. Bf5 Nc4 17. b3 Nce5 18. Qd1 Nh6 19. g4 Nhf7 20. f3 Qe8 21. Qe2 Bd7 22. Rfd1 h5 23. Kg2 Bxf5 24. exf5 Bh6 25. Nf1 Kh7 26. Ng3 h4 27. Nge4 Qd7 28. Bg1 Qb7 29. Bh2 Ra7 30. Bxe5 Nxe5 31. Nd2 Rfa8 32. Nc4 Bg7 33. Nxe5 fxe5 34. Ne4 Bf6 35. b4 cxb4 36. Qd2 Kh6 37. Qxb4 b5 38. axb5 Qxb5 39. Qxb5 axb5 40. Rab1 Ra2 41. Rd2 Rc8 42. Rxb5 Rcxc2 43. Rxc2 Rxc2+ 44. Kf1 Kg7 45. Rb7 Kf8 46. Nxf6 exf6 47. Rd7 Rc1+ 48. Ke2 Rc2+ 49. Kd3 Rh2 50. Rxd6 Kf7 51. Rd7+ Ke8 52. Rh7 Rxh3 53. d6 Rxf3+ 54. Ke4 Rf4+ 55. Kd5 Kf8 56. d7 Rd4+ 57. Ke6 Kg8 58. Re7 e4 59. Re8+ Kg7 60. d8Q Rxd8 61. Rxd8 e3 62. Rd3 1-0

[Event "Montigny le Bretonneux op 20th"]
[Site "Montigny le Bretonneux"]
[Date "2022.10.25"]
[Round "4"]
[White "Divies, Renaud"]
[Black "Martin Breteau, Paul"]
[Result "1-0"]
[WhiteElo "1930"]
[BlackElo "1329"]
[PlyCount "59"]
[EventDate "2022.10.22"]
[EventType "swiss"]
[EventRounds "9"]
[EventCountry "FRA"]
[SourceTitle "EXT 2024"]
[Source "ChessBase"]
[SourceDate "2023.10.10"]
[SourceVersion "1"]
[SourceVersionDate "2023.10.10"]
[SourceQuality "1"]

1. c4 c5 2. Nc3 Nc6 3. g3 g6 4. Bg2 Bg7 5. e4 d6 6. Nge2 Bg4 7. h3 Bxe2 8. Nxe2 e5 9. 0-0 Nge7 10. f4 0-0 11. f5 Nc8 12. d3 Nd4 13. Nc3 Nb6 14. Be3 a6 15. Rf2 f6 16. h4 Qe8 17. g4 Kf7 18. g5 Ke7 19. Qg4 Qd7 20. Bf3 Rg8 21. Kh1 gxf5 22. exf5 Raf8 23. Qh5 Kd8 24. Ne4 Na8 25. Rg1 Bh8 26. gxf6 Rxg1+ 27. Kxg1 Nc7 28. Bh6 Rg8+ 29. Kh2 Bg7 30. fxg7 1-0

[Event "Montigny le Bretonneux op 24th"]
[Site "Montigny le Bretonneux"]
[Date "2022.05.29"]
[Round "7"]
[White "Divies, Renaud"]
[Black "Surugue, Philippe"]
[Result "1-0"]
[WhiteElo "1936"]
[BlackElo "1766"]
[PlyCount "59"]
[EventDate "2022.05.26"]
[EventType "swiss"]
[EventRounds "9"]
[EventCountry "FRA"]
[SourceTitle "CBM 208 Extra"]
[Source "ChessBase"]
[SourceDate "2022.07.31"]
[SourceVersion "1"]
[SourceVersionDate "2022.07.31"]
[SourceQuality "1"]

1. c4 g6 2. Nc3 c6 3. e4 d6 4. d4 e5 5. Bd3 Bh6 6. Bxh6 Nxh6 7. Qd2 Ng8 8. 0-0-0 Qc7 9. f4 Bg4 10. Be2 Bxe2 11. Ngxe2 Nd7 12. Rhf1 f6 13. fxe5 dxe5 14. d5 0-0-0 15. Kb1 Nc5 16. b4 Ne6 17. Qe3 Nf4 18. Nxf4 exf4 19. Qxa7 g5 20. dxc6 Ne7 21. Qa8+ Qb8 22. cxb7+ Kc7 23. Nb5+ Kb6 24. c5+ Kxb5 25. Qa5+ Kc4 26. Rxd8 Rxd8 27. Rc1+ Kd4 28. Rd1+ Kxe4 29. Qxd8 Qxb7 30. Qxe7+ 1-0

[Event "Montigny le Bretonneux op 24th"]
[Site "Montigny le Bretonneux"]
[Date "2022.05.28"]
[Round "6"]
[White "Divies, Renaud"]
[Black "Nacer Bey, Moussa"]
[Result "1-0"]
[WhiteElo "1936"]
[BlackElo "1571"]
[PlyCount "79"]
[EventDate "2022.05.26"]
[EventType "swiss"]
[EventRounds "9"]
[EventCountry "FRA"]
[SourceTitle "CBM 208 Extra"]
[Source "ChessBase"]
[SourceDate "2022.07.31"]
[SourceVersion "1"]
[SourceVersionDate "2022.07.31"]
[SourceQuality "1"]

1. c4 e5 2. Nc3 Nf6 3. e4 d6 4. g3 Be7 5. Bg2 Nc6 6. Nge2 Bg4 7. h3 Bh5 8. d3 Qd7 9. Be3 a6 10. g4 Bg6 11. Ng3 h6 12. f3 Bh7 13. h4 Qd8 14. g5 Ng8 15. Qd2 Bf8 16. Nd5 Nce7 17. Bh3 Nxd5 18. cxd5 Qe7 19. Rc1 Bg6 20. Qc3 Kd8 21. Bb6 hxg5 22. hxg5 Rxh3 23. Bxc7+ Kd7 24. Rxh3 Qxg5 25. Bb6 Be7 26. Ke2 Nh6 27. Be3 Qf6 28. Qc7+ Ke8 29. Qxb7 Rd8 30. Bb6 Qg5 31. Be3 Qf6 32. b4 Bh7 33. Rc7 Bg6 34. Nh5 Bxh5 35. Rxh5 Kf8 36. Bg5 Qg6 37. Bxe7+ Kg8 38. Rg5 Qh7 39. Rc8 g6 40. Bf6 1-0

[Event "Montigny le Bretonneux op 24th"]
[Site "Montigny le Bretonneux"]
[Date "2022.05.28"]
[Round "4"]
[White "Koutchinsky, Gabriel"]
[Black "Divies, Renaud"]
[Result "0-1"]
[WhiteElo "1290"]
[BlackElo "1936"]
[PlyCount "80"]
[EventDate "2022.05.26"]
[EventType "swiss"]
[EventRounds "9"]
[EventCountry "FRA"]
[SourceTitle "CBM 208 Extra"]
[Source "ChessBase"]
[SourceDate "2022.07.31"]
[SourceVersion "1"]
[SourceVersionDate "2022.07.31"]
[SourceQuality "1"]

1. c4 c5 2. Nc3 Nc6 3. Nf3 g6 4. g3 Bg7 5. Bg2 e5 6. d3 Nge7 7. 0-0 0-0 8. Bg5 h6 9. Bd2 d6 10. a3 f5 11. Rb1 g5 12. e3 Ng6 13. b4 f4 14. b5 Nce7 15. e4 g4 16. Ne1 f3 17. Nxf3 gxf3 18. Bxf3 Bh3 19. Re1 Kh7 20. Bh1 Qd7 21. Nd5 Bg4 22. f3 Nxd5 23. fxg4 Nc7 24. g5 Ne6 25. Qh5 Nd4 26. gxh6 Bf6 27. g4 Rg8 28. g5 Bxg5 29. Bxg5 Nf4 30. Qh4 Qe7 31. Re3 Rxg5+ 32. Rg3 Nfe2+ 33. Kg2 Nxg3 34. hxg3 Rag8 35. Kh2 Qf7 36. g4 Rxg4 37. Qh3 Qf2+ 38. Bg2 Rxg2+ 39. Kh1 Rg1+ 40. Rxg1 Rxg1# 0-1

[Event "Montigny le Bretonneux op 24th"]
[Site "Montigny le Bretonneux"]
[Date "2022.05.26"]
[Round "3"]
[White "Divies, Renaud"]
[Black "Baysse, Nathan"]
[Result "1-0"]
[WhiteElo "1936"]
[BlackElo "1199"]
[PlyCount "77"]
[EventDate "2022.05.26"]
[EventType "swiss"]
[EventRounds "9"]
[EventCountry "FRA"]
[SourceTitle "CBM 208 Extra"]
[Source "ChessBase"]
[SourceDate "2022.07.31"]
[SourceVersion "1"]
[SourceVersionDate "2022.07.31"]
[SourceQuality "1"]

1. c4 e5 2. Nc3 Nc6 3. e4 Bb4 4. Nge2 Nf6 5. g3 d6 6. Bg2 Be6 7. d3 Bg4 8. f3 Bd7 9. 0-0 Bc5+ 10. Kh1 0-0 11. h3 Nd4 12. f4 Nxe2 13. Nxe2 exf4 14. gxf4 Qc8 15. Kh2 Bc6 16. d4 Bb4 17. a3 Ba5 18. b4 Bb6 19. c5 dxc5 20. dxc5 Bxc5 21. bxc5 Nxe4 22. Qc2 Nf6 23. Bxc6 bxc6 24. Bb2 Qe6 25. Nd4 Qe4 26. Qxe4 Nxe4 27. Nxc6 Nxc5 28. Be5 Nb3 29. Rad1 Rfe8 30. Rg1 f6 31. Bxf6 Kf7 32. Be5 g6 33. Rd7+ Ke6 34. Rxh7 Rg8 35. Re7+ Kd5 36. Nb4+ Ke4 37. Re1+ Kf3 38. Bxc7 g5 39. Rf1# 1-0

[Event "Montigny le Bretonneux op 24th"]
[Site "Montigny le Bretonneux"]
[Date "2022.05.26"]
[Round "1"]
[White "Divies, Renaud"]
[Black "Belan, Valentin"]
[Result "1/2-1/2"]
[WhiteElo "1936"]
[BlackElo "1497"]
[PlyCount "136"]
[EventDate "2022.05.26"]
[EventType "swiss"]
[EventRounds "9"]
[EventCountry "FRA"]
[SourceTitle "CBM 208 Extra"]
[Source "ChessBase"]
[SourceDate "2022.07.31"]
[SourceVersion "1"]
[SourceVersionDate "2022.07.31"]
[SourceQuality "1"]

1. c4 e6 2. g3 d5 3. Bg2 Nf6 4. Nf3 c5 5. 0-0 Bd6 6. b3 Nc6 7. Bb2 0-0 8. e3 b6 9. d3 Bb7 10. a3 dxc4 11. bxc4 Be7 12. Qc2 Qc7 13. Nc3 a6 14. Rac1 Rad8 15. Rfd1 h6 16. Nd2 Ne5 17. Nde4 Ng6 18. f4 Nxe4 19. dxe4 Rxd1+ 20. Rxd1 Rd8 21. h4 Bf8 22. Rd3 Bc6 23. Nd1 Rxd3 24. Qxd3 Qd6 25. Nf2 Qxd3 26. Nxd3 b5 27. cxb5 axb5 28. h5 Ne7 29. Nxc5 Nf5 30. exf5 Bxg2 31. Nxe6 Bh3 32. Nd4 Bc5 33. Nxb5 Bxe3+ 34. Kh2 Bxf5 35. Bd4 Bd7 36. Bxe3 Bxb5 37. g4 g6 38. hxg6 fxg6 39. Kg3 Kg7 40. Bd4+ Kf7 41. f5 h5 42. gxh5 gxh5 43. Kh4 Be8 44. Kxh5 Ke7+ 45. Kg5 Kd6 46. f6 Kd5 47. Bf2 Ke5 48. Bc5 Bf7 49. Be7 Ke4 50. Kh6 Ke5 51. Kg7 Ke6 52. Kf8 Bg6 53. Kg7 Bf7 54. Kh6 Kf5 55. a4 Ke6 56. a5 Kd7 57. a6 Kc6 58. Bc5 Kc7 59. Kg7 Bd5 60. Kf8 Kb8 61. Ke7 Kc7 62. Bd4 Bc4 63. a7 Kb7 64. Kd7 Ka8 65. Kc7 Bd5 66. Kd6 Ba2 67. Kc7 Bd5 68. Kd6 Ba2 1/2-1/2

[Event "Montigny le Bretonneux op 21st"]
[Site "Montigny le Bretonneux"]
[Date "2021.12.28"]
[Round "4"]
[White "Divies, Renaud"]
[Black "Breteau Ribeiro, Charles"]
[Result "0-1"]
[WhiteElo "1954"]
[BlackElo "1199"]
[PlyCount "52"]
[EventDate "2021.12.26"]
[EventType "swiss"]
[EventRounds "9"]
[EventCountry "FRA"]
[SourceTitle "EXT 2023"]
[Source "ChessBase"]
[SourceDate "2022.10.05"]
[SourceVersion "1"]
[SourceVersionDate "2022.10.05"]
[SourceQuality "1"]

1. c4 c6 2. e4 d5 3. cxd5 cxd5 4. exd5 Nf6 5. Nc3 Nxd5 6. d4 Nc6 7. Nf3 Bg4 8. Be2 e6 9. 0-0 Be7 10. Ne4 0-0 11. a3 Qb6 12. Ned2 Bf6 13. Nc4 Qc7 14. Nce5 Bxe5 15. Nxe5 Bxe2 16. Qxe2 Nxd4 17. Qe4 Nb3 18. Rb1 Rac8 19. Be3 f5 20. Qd3 Qxe5 21. Qxb3 f4 22. Bd2 Rf6 23. Rfe1 Qh5 24. Qxb7 Rcf8 25. Qd7 f3 26. Bc3 Qg4 0-1

[Event "Montigny le Bretonneux Noel op 19th"]
[Site "Montigny le Bretonneux"]
[Date "2018.12.29"]
[Round "5"]
[White "Divies, Renaud"]
[Black "Chaintreau, Thomas"]
[Result "1/2-1/2"]
[WhiteElo "2021"]
[BlackElo "1402"]
[PlyCount "90"]
[EventDate "2018.12.26"]
[EventType "swiss"]
[EventRounds "7"]
[EventCountry "FRA"]
[SourceTitle "CBM 188 Extra"]
[Source "ChessBase"]
[SourceDate "2019.02.26"]
[SourceVersion "1"]
[SourceVersionDate "2019.02.26"]
[SourceQuality "1"]

1. Nf3 d5 2. g3 Nf6 3. Bg2 c6 4. 0-0 Nbd7 5. d3 e5 6. Nbd2 Bd6 7. e4 0-0 8. c3 Nc5 9. Qc2 Ne6 10. Re1 Qc7 11. Nf1 dxe4 12. dxe4 a5 13. Ne3 Bc5 14. h3 b5 15. Nf5 Re8 16. g4 Nf8 17. Bg5 Bxf5 18. exf5 N6d7 19. Nd2 f6 20. Bh4 h6 21. Bg3 Rad8 22. Ne4 Ba7 23. Qb3+ Kh8 24. Qf7 Bb8 25. Qh5 Nh7 26. h4 Ndf8 27. g5 fxg5 28. hxg5 hxg5 29. Nxg5 Kg8 30. Nf3 Nf6 31. Qh2 N8d7 32. Nd4 Qb6 33. Nxc6 Rc8 34. Nxe5 Nxe5 35. Bxe5 Rxe5 36. Rxe5 Rc5 37. Rae1 Rxe5 38. Rxe5 Qd6 39. Bd5+ Qxd5 40. Re8+ Nxe8 41. Qxb8 Qd1+ 42. Kg2 Qg4+ 43. Kf1 Qd1+ 44. Kg2 Qg4+ 45. Kf1 Qd1+ 1/2-1/2

[Event "Montigny le Bretonneux Noel op 19th"]
[Site "Montigny le Bretonneux"]
[Date "2018.12.28"]
[Round "3"]
[White "Divies, Renaud"]
[Black "Delmas Goyon, Francois"]
[Result "1/2-1/2"]
[WhiteElo "2021"]
[BlackElo "1887"]
[PlyCount "116"]
[EventDate "2018.12.26"]
[EventType "swiss"]
[EventRounds "7"]
[EventCountry "FRA"]
[SourceTitle "CBM 188 Extra"]
[Source "ChessBase"]
[SourceDate "2019.02.26"]
[SourceVersion "1"]
[SourceVersionDate "2019.02.26"]
[SourceQuality "1"]

1. e4 c5 2. Nf3 e6 3. d4 cxd4 4. Nxd4 Nc6 5. c4 Nf6 6. Nc3 Bb4 7. f3 0-0 8. a3 Bxc3+ 9. bxc3 a6 10. c5 d5 11. cxd6 Qxd6 12. Be3 Qc5 13. Qd2 Qa5 14. Nb3 Qc7 15. c4 e5 16. Qf2 Be6 17. Be2 Nd7 18. 0-0 b6 19. Rfc1 Rfb8 20. Rc3 Qd8 21. Nc1 Qe7 22. Nd3 a5 23. Bd1 Qd6 24. Ba4 Nd4 25. Bxd7 Bxd7 26. Nxe5 Ne2+ 27. Qxe2 Qxe5 28. Rac1 h6 29. Qf2 b5 30. Bd4 Qe6 31. c5 Bc6 32. Qg3 f6 33. Be3 Kh7 34. Rd3 Rd8 35. Rd6 Rxd6 36. Qxd6 Bd7 37. Qxe6 Bxe6 38. Bd2 a4 39. c6 Kg6 40. Kf2 Kf7 41. Bb4 Rc8 42. Bd6 g6 43. Ke3 Bc4 44. Kd4 Rxc6 45. Bc5 Ke6 46. f4 Rc7 47. e5 fxe5+ 48. fxe5 Rf7 49. Bd6 Rf2 50. Rg1 h5 51. Ke3 Rf7 52. Rd1 Bd5 53. Rd2 Rf1 54. Rb2 Bc4 55. h4 Kf5 56. Rf2+ Rxf2 57. Kxf2 Kg4 58. g3 Bd5 1/2-1/2

[Event "Montigny le Bretonneux Noel op 19th"]
[Site "Montigny le Bretonneux"]
[Date "2018.12.27"]
[Round "2"]
[White "Appavou, Calixte"]
[Black "Divies, Renaud"]
[Result "0-1"]
[WhiteElo "1714"]
[BlackElo "2021"]
[PlyCount "122"]
[EventDate "2018.12.26"]
[EventType "swiss"]
[EventRounds "7"]
[EventCountry "FRA"]
[SourceTitle "CBM 188 Extra"]
[Source "ChessBase"]
[SourceDate "2019.02.26"]
[SourceVersion "1"]
[SourceVersionDate "2019.02.26"]
[SourceQuality "1"]

1. e4 c5 2. Nf3 e6 3. Nc3 a6 4. a4 Nc6 5. d4 cxd4 6. Nxd4 Bb4 7. Nxc6 bxc6 8. Bd2 Nf6 9. Bd3 d5 10. exd5 cxd5 11. 0-0 0-0 12. f4 Bb7 13. Ne2 Bc5+ 14. Kh1 Ng4 15. Qe1 f5 16. h3 Rf6 17. b4 Bb6 18. Ng1 Rh6 19. Be2 Nf6 20. Bf3 Ne4 21. Bxe4 dxe4 22. Be3 Rc8 23. Rc1 Bd5 24. Qf2 Bxe3 25. Qxe3 Qd7 26. a5 Qb7 27. c3 Rf6 28. Ne2 Rf7 29. Rfd1 Rfc7 30. Nd4 Bc4 31. Rd2 g6 32. Rb2 Qd5 33. Rd2 Bd3 34. Ne2 Qc4 35. Nd4 Kf7 36. Rb2 Qd5 37. Ne2 Rc4 38. Qa7+ Kg8 39. Qe3 e5 40. fxe5 Qxe5 41. Qb6 R4c6 42. Qd4 Qxd4 43. Nxd4 Rxc3 44. Rxc3 Rxc3 45. b5 axb5 46. a6 Ra3 47. Nxb5 Bxb5 48. Rxb5 Rxa6 49. Re5 Kf7 50. Kg1 Re6 51. Ra5 Kf6 52. Kf2 g5 53. g3 Rb6 54. g4 f4 55. Rf5+ Kg6 56. h4 h6 57. hxg5 hxg5 58. Re5 Rb2+ 59. Kf1 e3 60. Rf5 Rh2 61. Rf8 Rh4 0-1

[Event "Montigny le Bretonneux-A 14th"]
[Site "Montigny le Bretonneux"]
[Date "2015.10.24"]
[Round "8.2"]
[White "Forissier, Nicolas"]
[Black "Divies, Renaud"]
[Result "1-0"]
[WhiteElo "1979"]
[BlackElo "2070"]
[PlyCount "55"]
[EventDate "2015.10.17"]
[EventType "tourn"]
[EventRounds "9"]
[EventCountry "FRA"]
[SourceTitle "EXT 2024"]
[Source "ChessBase"]
[SourceDate "2023.10.10"]
[SourceVersion "1"]
[SourceVersionDate "2023.10.10"]
[SourceQuality "1"]

1. e4 c5 2. c3 Nf6 3. e5 Nd5 4. Bc4 Nc7 5. Qf3 e6 6. Ne2 d5 7. exd6 Bxd6 8. d4 0-0 9. 0-0 b5 10. Bxb5 Nxb5 11. dxc5 Nc6 12. a4 Qc7 13. axb5 Ne5 14. Qxa8 Bxc5 15. Bf4 Bd7 16. Qe4 f6 17. Nd4 Bc8 18. Bxe5 fxe5 19. Nc6 Rf4 20. Qxe5 Bd6 21. Qg5 Rf6 22. g3 a6 23. c4 Qb6 24. Nc3 Bf4 25. Qh5 g6 26. Qd1 Kg7 27. Qd8 Bc7 28. Qxc8 1-0

[Event "Bois Colombes op"]
[Site "Bois Colombes"]
[Date "2014.06.11"]
[Round "?"]
[White "Toulzac, Pierre Yves"]
[Black "Divies, Renaud"]
[Result "1/2-1/2"]
[WhiteElo "2233"]
[BlackElo "2101"]
[PlyCount "122"]
[EventDate "2013.06.11"]
[EventType "swiss"]
[EventRounds "6"]
[EventCountry "FRA"]
[SourceTitle "EXT 2015"]
[Source "ChessBase"]
[SourceDate "2014.11.20"]
[SourceVersion "1"]
[SourceVersionDate "2014.11.20"]
[SourceQuality "1"]

1. d4 Nf6 2. c4 c5 3. d5 b5 4. cxb5 a6 5. bxa6 g6 6. Nc3 Bxa6 7. g3 d6 8. Bg2 Bg7 9. Nh3 0-0 10. 0-0 Nbd7 11. Rb1 Qa5 12. Qc2 c4 13. Nf4 Nc5 14. h4 Rfb8 15. Rd1 Nfd7 16. Bd2 Bc8 17. h5 Ne5 18. hxg6 hxg6 19. Bh3 Bxh3 20. Nxh3 Qa6 21. Kg2 Qb7 22. f3 e6 23. Be3 exd5 24. Nf2 Nc6 25. Nxd5 Rxa2 26. Bxc5 dxc5 27. Qxc4 Qa7 28. Nd3 Nd4 29. Nc3 Ra5 30. e4 Ne6 31. Nd5 Qa6 32. Ne3 Bd4 33. Qxa6 Rxa6 34. Nc4 Rb3 35. Kf1 Ra8 36. Ke2 Kg7 37. Rh1 Ra4 38. Rhc1 Rb8 39. Ra1 Rxa1 40. Rxa1 Rh8 41. f4 Rh2+ 42. Kf3 Rc2 43. Rc1 Rh2 44. e5 f5 45. exf6+ Kxf6 46. Ra1 Rc2 47. Ra4 g5 48. fxg5+ Kxg5 49. Ra6 Rxc4 50. Rxe6 Rc2 51. Nf4 Bxb2 52. Rg6+ Kf5 53. g4+ Ke5 54. Nd3+ Kd5 55. Rg5+ Kd4 56. Nxc5 Rxc5 57. Rxc5 Kxc5 58. g5 Kd5 59. g6 Ke6 60. Ke2 Kf6 61. Ke1 Kxg6 1/2-1/2

[Event "Montigny le Bretonneux Noel op 15th"]
[Site "Montigny le Bretonneux"]
[Date "2012.12.27"]
[Round "2"]
[White "Duval, Dominique"]
[Black "Divies, Renaud"]
[Result "0-1"]
[WhiteElo "1771"]
[BlackElo "2117"]
[PlyCount "76"]
[EventDate "2012.12.26"]
[EventType "swiss"]
[EventRounds "7"]
[EventCountry "FRA"]
[SourceTitle "CBM 152 Extra"]
[Source "ChessBase"]
[SourceDate "2013.02.25"]
[SourceVersion "1"]
[SourceVersionDate "2013.02.25"]
[SourceQuality "1"]

1. d4 c5 2. e3 e6 3. Nf3 a6 4. Bd3 Qc7 5. Nbd2 b5 6. Ne5 Nf6 7. c3 Bb7 8. 0-0 d6 9. Ng4 Nbd7 10. Nxf6+ Nxf6 11. f3 Be7 12. Ne4 0-0 13. Bd2 Nd5 14. Rc1 f5 15. Nf2 c4 16. Bc2 Bg5 17. Qe1 Rae8 18. Nh3 Bd8 19. e4 Nf6 20. Nf2 Nh5 21. Nh3 f4 22. Ra1 e5 23. Qb1 g5 24. Nf2 Bc8 25. h3 Ng3 26. Re1 h5 27. Nh1 Nxh1 28. Kxh1 g4 29. Re2 Rf7 30. Qf1 Kh8 31. Be1 Rg8 32. dxe5 dxe5 33. Rd1 Be6 34. Red2 Be7 35. h4 g3 36. Rd5 Bc5 37. Rxc5 Qxc5 38. Qg1 Qe7 0-1

[Event "Montigny le Bretonneux Noel op 15th"]
[Site "Montigny le Bretonneux"]
[Date "2012.12.26"]
[Round "1"]
[White "Divies, Renaud"]
[Black "Canto, Jean Louis"]
[Result "1-0"]
[WhiteElo "2117"]
[BlackElo "1654"]
[PlyCount "61"]
[EventDate "2012.12.26"]
[EventType "swiss"]
[EventRounds "7"]
[EventCountry "FRA"]
[SourceTitle "CBM 152 Extra"]
[Source "ChessBase"]
[SourceDate "2013.02.25"]
[SourceVersion "1"]
[SourceVersionDate "2013.02.25"]
[SourceQuality "1"]

1. Nf3 c5 2. c4 d6 3. g3 Nc6 4. b3 Nf6 5. Bg2 g6 6. Bb2 Bg7 7. 0-0 0-0 8. d4 cxd4 9. Nxd4 Bd7 10. Nc2 Qc7 11. Nc3 a6 12. Rc1 Rad8 13. e4 e5 14. Qd3 Ne7 15. Ba3 Bc8 16. Rcd1 Ne8 17. c5 Qd7 18. cxd6 Nc6 19. Na4 Nf6 20. Nb6 Qe6 21. Nd5 Nd7 22. f4 Kh8 23. Ne7 f6 24. f5 Qf7 25. fxg6 hxg6 26. Qd5 Qe8 27. Nxc6 bxc6 28. Qxc6 Qe6 29. Ne3 Rf7 30. Nd5 Nb8 31. Qb6 1-0

[Event "Saint Quentin op 7th"]
[Site "Elancourt"]
[Date "2004.04.25"]
[Round "9"]
[White "Bilquez, Romain"]
[Black "Divies, Renaud"]
[Result "0-1"]
[WhiteElo "2024"]
[BlackElo "2070"]
[PlyCount "60"]
[EventDate "2004.04.18"]
[EventType "swiss"]
[EventRounds "9"]
[EventCountry "FRA"]
[SourceTitle "EXT 2005"]
[Source "ChessBase"]
[SourceDate "2004.11.15"]
[SourceVersion "1"]
[SourceVersionDate "2004.11.15"]
[SourceQuality "1"]

1. d4 Nf6 2. Nf3 g6 3. Bf4 Bg7 4. e3 0-0 5. h3 b6 6. c4 Bb7 7. Nc3 Ne4 8. Nxe4 Bxe4 9. Bd3 Bb7 10. h4 h5 11. Ng5 d6 12. Rh3 e5 13. dxe5 dxe5 14. Bh2 Qe7 15. Be4 Bxe4 16. Nxe4 Qb4+ 17. Qd2 Qxc4 18. f3 Na6 19. b3 Qb4 20. Rc1 c5 21. Rc4 Qxd2+ 22. Nxd2 Rad8 23. Ra4 Nb4 24. Rxa7 Rd3 25. e4 Nc2+ 26. Ke2 Rfd8 27. Nc4 b5 28. Na3 Rd2+ 29. Kf1 Ne3+ 30. Ke1 Rxg2 0-1

[Event "Saint Quentin op 7th"]
[Site "Elancourt"]
[Date "2004.04.23"]
[Round "7"]
[White "Divies, Renaud"]
[Black "Hajenius, Willem"]
[Result "0-1"]
[WhiteElo "2070"]
[BlackElo "2023"]
[PlyCount "36"]
[EventDate "2004.04.18"]
[EventType "swiss"]
[EventRounds "9"]
[EventCountry "FRA"]
[SourceTitle "EXT 2005"]
[Source "ChessBase"]
[SourceDate "2004.11.15"]
[SourceVersion "1"]
[SourceVersionDate "2004.11.15"]
[SourceQuality "1"]

1. e4 c5 2. Nf3 Nf6 3. e5 Nd5 4. Nc3 e6 5. Nxd5 exd5 6. d4 Nc6 7. dxc5 Bxc5 8. Qxd5 Qb6 9. Bc4 Bxf2+ 10. Ke2 0-0 11. Rf1 Bc5 12. c3 Ne7 13. Qe4 d5 14. Bxd5 Bf5 15. Qc4 Nxd5 16. Qxd5 Rad8 17. Qb3 Qg6 18. Ne1 Bd3+ 0-1

[Event "Saint Quentin op 7th"]
[Site "Elancourt"]
[Date "2004.04.21"]
[Round "5"]
[White "Divies, Renaud"]
[Black "Bagheri, Amir"]
[Result "0-1"]
[WhiteElo "2070"]
[BlackElo "2506"]
[PlyCount "48"]
[EventDate "2004.04.18"]
[EventType "swiss"]
[EventRounds "9"]
[EventCountry "FRA"]
[SourceTitle "EXT 2005"]
[Source "ChessBase"]
[SourceDate "2004.11.15"]
[SourceVersion "1"]
[SourceVersionDate "2004.11.15"]
[SourceQuality "1"]

1. e4 c5 2. Nf3 d6 3. d4 cxd4 4. Nxd4 Nf6 5. Nc3 a6 6. a4 g6 7. Be2 Bg7 8. Be3 0-0 9. 0-0 Nc6 10. f4 Bd7 11. Nb3 Be6 12. f5 Bxb3 13. cxb3 Rc8 14. g4 Ne5 15. g5 Rxc3 16. bxc3 Nxe4 17. Rc1 Qc8 18. fxg6 hxg6 19. Bf3 Nxc3 20. Qd2 Nxf3+ 21. Rxf3 Qg4+ 22. Rg3 Ne2+ 23. Kf2 Nxg3 24. hxg3 Rc8 0-1

[Event "FRA-ch op-A"]
[Site "Aix les Bains"]
[Date "2003.08.22"]
[Round "3"]
[White "Divies, Renaud"]
[Black "Chau, Olivier"]
[Result "0-1"]
[WhiteElo "2060"]
[BlackElo "2133"]
[PlyCount "98"]
[EventDate "2003.08.19"]
[EventType "swiss"]
[EventRounds "11"]
[EventCountry "FRA"]
[SourceTitle "EXT 2004"]
[Source "ChessBase"]
[SourceDate "2003.11.25"]
[SourceVersion "1"]
[SourceVersionDate "2003.11.25"]
[SourceQuality "1"]

1. e4 e5 2. Nf3 Nc6 3. Nc3 Nf6 4. g3 d5 5. exd5 Nxd5 6. Bg2 Nde7 7. 0-0 g6 8. d3 Bg7 9. Bd2 0-0 10. Qc1 Nf5 11. Re1 Re8 12. Ng5 Nfd4 13. a3 h6 14. Nge4 Kh7 15. f3 f5 16. Nf2 Be6 17. b4 a6 18. Rb1 Qd7 19. Qd1 Rad8 20. Na4 b6 21. Nb2 Ba2 22. Ra1 Bd5 23. Rb1 Ba2 24. Ra1 Bf7 25. Rb1 e4 26. fxe4 Nb5 27. exf5 Nxa3 28. fxg6+ Bxg6 29. c3 Nxb1 30. Qxb1 Rxe1+ 31. Bxe1 Ne5 32. Be4 Bxe4 33. dxe4 Nf3+ 34. Kg2 Nxe1+ 35. Qxe1 Qd2 36. Qxd2 Rxd2 37. Nbd1 Rc2 38. Kf3 Bxc3 39. Nd3 Rd2 40. N1f2 Bd4 41. e5 Kg7 42. g4 a5 43. bxa5 bxa5 44. h4 a4 45. g5 hxg5 46. hxg5 a3 47. e6 Rxf2+ 48. Nxf2 Bxf2 49. g6 Kxg6 0-1